000
00299pab a2200109 454500
008
180718b xxu||||| |||| 00| 0 eng d
100
_a
Easton, Brian
245
_a
"Government management"; a review of its political content
650
_a
New Zealand - Government
773
_a
Political Science
909
_a
741
999
_c
741
_d
741